Income Tax. (Record no. 480941)
[ view plain ]
| 000 -LEADER | |
|---|---|
| fixed length control field | 00445nam a22001697a 4500 |
| 003 - CONTROL NUMBER IDENTIFIER | |
| control field | NUST |
| 005 - DATE AND TIME OF LATEST TRANSACTION | |
| control field | 20180828090657.0 |
| 038 ## - RECORD CONTENT LICENSOR | |
| Staff Name | 0 |
| 050 ## - LIBRARY OF CONGRESS CALL NUMBER | |
| Classification number | 343.052 |
| 082 ## - DEWEY DECIMAL CLASSIFICATION NUMBER | |
| Classification number | 343.052 |
| 100 ## - MAIN ENTRY--PERSONAL NAME | |
| Personal name | Muhammad Muazzam Mughal. |
| 9 (RLIN) | 12312 |
| 245 ## - TITLE STATEMENT | |
| Title | Income Tax. |
| Remainder of title | Principals & Practice 2015-2016. |
| Statement of responsibility, etc. | Muhammad Muazzam Mughal. |
| 260 ## - PUBLICATION, DISTRIBUTION, ETC. | |
| Place of publication, distribution, etc. | Lahore. |
| Name of publisher, distributor, etc. | Syed Mobin Mahmud & Co. |
| Date of publication, distribution, etc. | 2015. |
| 300 ## - PHYSICAL DESCRIPTION | |
| Extent | 578p. |
| 500 ## - GENERAL NOTE | |
| General note | Paper Cover. |
| 942 ## - ADDED ENTRY ELEMENTS (KOHA) | |
| Source of classification or shelving scheme | |
| Koha item type | Book |
| Call number prefix | 343.052 |
| Withdrawn status | Lost status | Source of classification or shelving scheme | Damaged status | Not for loan | Collection code | Permanent Location | Current Location | Shelving location | Date acquired | Total Checkouts | Total Renewals | Full call number | Barcode | Date last seen | Date last checked out | Price effective from | Koha item type |
|---|---|---|---|---|---|---|---|---|---|---|---|---|---|---|---|---|---|
| NUST Law School (NLS) | NUST Law School (NLS) | General Stacks | 08/28/2018 | 2 | 1 | 343.052 MUG | NBSD-3098 | 06/03/2025 | 01/28/2025 | 08/28/2018 | Book |
